LDR 01325naa#a2200193#i#450# 001 RU\\bibl\121793 005 20260429225512.3 011 ## _a1998-8990 100 ## _a20260423b2026####ek#y0rusy0150####ca 102 ## _aRU 200 1# _aТЕХНОГЕННЫЕ ПОЖАРЫ ПРИ УГЛЕДОБЫЧЕ КАК ИСТОЧНИКИ ЭКОЛОГИЧЕСКОГО РИСКА _eЖурнальная статья 210 1# _aСанкт-Петербург _cСанкт-Петербургский университет Государственной противопожарной службы Министерства Российской Федерации по делам гражданской обороны, чрезвычайным ситуациям и ликвидации последствий стихийных бедствий имени Героя Российской Федерации генерала армии Е.Н. Зиничева _d2026 215 ## _a15 с. 608 ## _aЖурнальная статья _2local 675 ## _aПричины пожаров. Опасность пожаров. 614.841.2 _z 700 #1 _aТимофеева _gСветлана Семеновна 700 #1 _aСмирнов _gГригорий Иванович 700 #1 _aЗуева _gВалерия Александровна 856 4# _ajournals.igps.ru _u